00958cam a22002171 450000100060000000300080000600500170001400800410003103500190007203500190009104000420011004100110015208200240016310000200018724501120020726000330031930000570035249000670040950000560047650002080053221758BD-RjUL20211209000726.0140305s1969 nyuac 000 1 eng d a(BD-RjUL)21823 a(OCoLC)1836830 aDLCcOKentUdOCoLCdDLCdBD-RjULbeng1 aengger00a824.8bCAW V-1 19691 aCarlyle, Thomas10aWilhelm Meister's apprenticeship and travels :cThomas, Carlylebtr. from the German of Goethe /nVolume 1 aNew York :bAms Press,c1969 a459p. :b1 illus., 4 port. (incl. fronts.) ;c21 cm.0 aThe works of Thomas Carlyle ... Centenary ed.vvol. XXIII-XXIV aEdited, with an introduction, by Henry Duff Traill. aCarlyle's translation of the "Wanderungen" lacks chapters 10-18 of the 3d book, and the "multifarious intercalations" in the final edition, first published in the "Ausgabe letzter hand", bd. 21-23, 1829.